Análisis del efecto de cargas axiales sobre el comportamiento de paredes de mampostería confinada en escala reducida.
Gardado en:
| Autor Principal: | |
|---|---|
| Formato: | Libro |
| Publicado: |
[San José], Costa Rica
2011
|
| Materias: | |
| Etiquetas: |
Engadir etiqueta
Sen Etiquetas, Sexa o primeiro en etiquetar este rexistro!
|
MARC
| LEADER | 00000nam a2200000Ia 4500 | ||
|---|---|---|---|
| 003 | 010600 | ||
| 005 | 20221231144025.0 | ||
| 008 | 140114s2011 cr a 000 0 s d | ||
| 040 | |c cru CEDI | ||
| 090 | |a TFG 6432 | ||
| 100 | |a Jimenez Molina, Daniel |9 2365 | ||
| 245 | |a Análisis del efecto de cargas axiales sobre el comportamiento de paredes de mampostería confinada en escala reducida. | ||
| 260 | |c 2011 |b [San José], Costa Rica | ||
| 500 | |a Proyecto de graduación (licenciatura en ingeniería civil)--Universidad de Costa Rica. Facultad de Ingeniería. Escuela de Ingeniería Civil | ||
| 650 | |x MAMPOSTERIA |x MUROS |x ANALISIS ESTRUCTURAL (INGENIERIA) |x EFECTOS SISMICOS |x DUCTILIDAD |x RESISTENCIA DE MATERIALES |9 2366 | ||
| 942 | |c TFG | ||
| 999 | |c 15757 |d 15757 | ||
